Statistics for Guess the Countries by Unknown Category #3

Click here to take the quiz!

General Stats

  • This quiz has been taken 1,444 times
  • The average score is 13 of 21

Answer Stats

# PrisonersCountry% Correct
2,250,000*China
98%
2,217,000United States
98%
418,536India
94%
644,696Russia
93%
607,731Brazil
86%
96,203United Kingdom
86%
255,138Mexico
78%
161,692Indonesia
77%
80,169Pakistan
68%
225,624Iran
62%
159,241South Africa
58%
165,033Turkey
58%
120,076Philippines
54%
311,036Thailand
53%
142,636Vietnam
50%
121,389Colombia
49%
75,379Peru
41%
175,000*North Korea
37%
111,050Ethiopia
32%
76,000Morocco
28%
CATEGORY:# of Prisoners
9%

Score Distribution

Percentile by Number Answered

Percent of People with Each Score

Your Score History

You have not taken this quiz